00429nam a22001577a 450000500170000000800410001702000180005802200130007604100130008908200130010210000130011524500390012826000460016730000320021365000260024520240702131603.0240702b |||||||| |||| 00| 0 eng d a9781485133001 a03764605 aEnglish  a349 ANN  lEnglish  aAnnual Survey of South African Law aCape Town: bJuta and Company Ltd, c2017 bxcvii,1225 pages; c23 cm.  aLegal practice bLaw